00640 2200217 4500001002100000005001700021008004100038035002400079040001200103082001300115090002000128100001900148245010000167250001100267260003300278300002200311500003100333650003100364850001200395990001500407YOGYA-0209000001219720090227022213.0 ind  0010-020900000012197 aYOPDYOG a297.6609 a297.6609bIsm S aISMAIL, Faisal aSejarah dan kebudayaan Islam dari zaman permulaan hingga zaman khulafaurasyidincFaisal Ismailo aCet. 1 aYogyakartabBina Usahac1984 av, 138 hlmc20 cm aBibliografi : hlm. 137-138 aKebudayaan Islam - Sejarah aYOPDYOG a95P0067205